[Event "III Festival A"]
[Site "Verona ITA"]
[Date "1997.01.??"]
[Round "2"]
[White "De Bortoli, Peter"]
[Black "Perich, Stefano"]
[Result "1/2-1/2"]
[WhiteElo "2090"]
[BlackElo "2080"]
[PlyCount "82"]
[EventDate "1997.01.02"]

1. e4 d5 2. exd5 Qxd5 3. Nc3 Qa5 4. Nf3 Nf6 5. Be2 e5 6. O-O Be7 7. d4 exd4 8.
Nxd4 c6 9. Re1 O-O 10. Bd3 Re8 11. Ne4 Nbd7 12. Bd2 Qc7 13. Nf5 Nxe4 14. Rxe4
Nf8 15. Nxe7+ Rxe7 16. Rxe7 Qxe7 17. Qh5 Bd7 18. a3 Re8 19. Bb4 Qe5 20. Qxe5
Rxe5 21. Re1 Rxe1+ 22. Bxe1 Be6 23. f3 Nd7 24. Bf2 b6 25. f4 f6 26. Be4 Bd5 27.
Bf5 Nf8 28. a4 Kf7 29. Bd3 g6 30. b4 f5 31. a5 Nd7 32. Ba6 Ke7 33. Bc8 h6 34.
Bxd7 Kxd7 35. axb6 axb6 36. Bxb6 Be4 37. c3 Ke6 38. Kf2 Kd5 39. h3 h5 40. Bd4
Bd3 41. Kg3 Be4 1/2-1/2

[Event "III Festival A"]
[Site "Verona ITA"]
[Date "1997.01.??"]
[Round "2"]
[White "De Vita, Igor"]
[Black "Ravagnani, Tiziano"]
[Result "1-0"]
[WhiteElo "2130"]
[BlackElo "1914"]
[PlyCount "49"]
[EventDate "1997.01.02"]

1. e4 c5 2. c3 d5 3. exd5 Qxd5 4. d4 Nc6 5. Nf3 Bg4 6. Be2 Nf6 7. O-O O-O-O 8.
Be3 e6 9. Nbd2 cxd4 10. cxd4 Bd6 11. h3 h5 12. a3 Ne4 13. Nxe4 Qxe4 14. b4 Bc7
15. Rc1 Nxd4 16. Nxd4 Bxe2 17. Qxe2 Rxd4 18. Qb2 Rd5 19. Qxg7 Rh7 20. Qf8+ Kd7
21. Rxc7+ Kxc7 22. Qe7+ Kc6 23. Rc1+ Kb5 24. Qe8+ Ka6 25. Qa4+ 1-0

[Event "III Festival A"]
[Site "Verona ITA"]
[Date "1997.01.??"]
[Round "2"]
[White "Ferretti, Folco"]
[Black "Wohl, Aleksandar H."]
[Result "1/2-1/2"]
[WhiteElo "2255"]
[BlackElo "2425"]
[PlyCount "82"]
[EventDate "1997.01.02"]

1. e4 Nf6 2. e5 Nd5 3. d4 d6 4. c4 Nb6 5. exd6 cxd6 6. Nc3 g6 7. Bd3 Bg7 8.
Nge2 O-O 9. O-O e5 10. Be3 Nc6 11. dxe5 dxe5 12. c5 Nd7 13. Rc1 Nf6 14. f3 Be6
15. a3 a5 16. Nb5 Nd5 17. Qd2 Nxe3 18. Qxe3 Qh4 19. Nc7 Bh6 20. f4 Rad8 21.
Nxe6 fxe6 22. Bc4 exf4 23. Qxe6+ Kh8 24. Rc3 Qg5 25. Kh1 Ne5 26. g3 f3 27. Ng1
Rfe8 28. Qh3 f2 29. Nf3 Nxf3 30. Rxf3 Bg7 31. R3xf2 Qxc5 32. Bf7 Rf8 33. Qg2
Bd4 34. Rf4 Be3 35. Rc4 Qb6 36. Bd5 Rxf1+ 37. Qxf1 Qxb2 38. Qf7 Qe5 39. Bxb7
Rd1+ 40. Kg2 Rg1+ 41. Kh3 Qh5+ 1/2-1/2

[Event "III Festival A"]
[Site "Verona ITA"]
[Date "1997.01.??"]
[Round "2"]
[White "Guido, Flavio"]
[Black "Satta, Vladimiro"]
[Result "1/2-1/2"]
[WhiteElo "2300"]
[BlackElo "2245"]
[PlyCount "44"]
[EventDate "1997.01.02"]

1. e4 e6 2. d4 d5 3. e5 c5 4. c3 Nc6 5. Nf3 Bd7 6. Be2 Nge7 7. Na3 Ng6 8. h4
cxd4 9. cxd4 Be7 10. g3 O-O 11. h5 Nh8 12. O-O f6 13. exf6 Bxf6 14. Nc2 Nf7 15.
Nh2 Qb6 16. Be3 Nd6 17. Ng4 Nf5 18. Nxf6+ Rxf6 19. b3 Nxe3 20. fxe3 Rxf1+ 21.
Bxf1 Qc7 22. Kg2 Rf8 1/2-1/2

[Event "III Festival A"]
[Site "Verona ITA"]
[Date "1997.01.??"]
[Round "2"]
[White "Luciani, Valerio"]
[Black "Genocchio, Daniele"]
[Result "1-0"]
[WhiteElo "2180"]
[BlackElo "2175"]
[PlyCount "67"]
[EventDate "1997.01.02"]

1. c4 e5 2. Nc3 d6 3. g3 g6 4. Bg2 Bg7 5. Nf3 c5 6. d3 Ne7 7. O-O Bd7 8. Nd5 h6
9. Nd2 Bc6 10. Rb1 a5 11. b3 Na6 12. a3 f5 13. Bb2 O-O 14. Bc3 Bxd5 15. cxd5
Nc7 16. b4 Nb5 17. Bb2 cxb4 18. axb4 a4 19. Nc4 Ra6 20. Ra1 Nc7 21. b5 Nxb5 22.
Rxa4 Qa8 23. Ra1 Rd8 24. Qb3 Nc7 25. Nxe5 Kf8 26. Rxa6 bxa6 27. Nxg6+ Nxg6 28.
Bxg7+ Kxg7 29. Qc3+ Ne5 30. Qxc7+ Rd7 31. Qc3 Kh7 32. Ra1 Qe8 33. d4 Ng4 34.
Qd3 1-0

[Event "III Festival A"]
[Site "Verona ITA"]
[Date "1997.01.??"]
[Round "2"]
[White "Pegoraro, Nicola"]
[Black "Franchini, Gabriele"]
[Result "1/2-1/2"]
[WhiteElo "2065"]
[BlackElo "2200"]
[PlyCount "104"]
[EventDate "1997.01.02"]

1. e4 e6 2. d4 d5 3. e5 c5 4. c3 Nc6 5. Be3 Nh6 6. Nf3 Nf5 7. Bd3 Qb6 8. Qd2
Bd7 9. dxc5 Bxc5 10. Bxc5 Qxc5 11. Bxf5 exf5 12. O-O Be6 13. Qf4 O-O 14. Nbd2
h6 15. Rfd1 Rfd8 16. Nb3 Qf8 17. h4 Rac8 18. Nfd4 Ne7 19. h5 g5 20. hxg6 Nxg6
21. Qh2 f4 22. Qh5 Qg7 23. Re1 Kh7 24. Rad1 Rg8 25. Nf5 Bxf5 26. Qxf5 Kh8 27.
Qf6 Qxf6 28. exf6 Nh4 29. Kf1 Rxg2 30. Rxd5 f3 31. Red1 Rcg8 32. Ke1 Re8+ 33.
Kd2 Rxf2+ 34. Kc1 Ree2 35. R5d2 Ng2 36. Nd4 Ne3 37. Nxe2 fxe2 38. Re1 Ng4 39.
Rdxe2 Rxf6 40. Re8+ Kh7 41. R8e7 Nf2 42. Rg1 h5 43. Re2 h4 44. Rg2 Nd3+ 45. Kc2
Nf4 46. Rgf2 Kg6 47. Rd2 h3 48. b4 Ng2 49. Rxg2+ hxg2 50. Rxg2+ Kf5 51. Kb3 Ke6
52. Rd2 Rf4 1/2-1/2

[Event "III Festival A"]
[Site "Verona ITA"]
[Date "1997.01.??"]
[Round "2"]
[White "Sbarra, Marco"]
[Black "Caruso, Augusto"]
[Result "0-1"]
[WhiteElo "2285"]
[BlackElo "2265"]
[PlyCount "44"]
[EventDate "1997.01.02"]

1. c4 Nf6 2. Nc3 e6 3. Nf3 d5 4. d4 c5 5. cxd5 exd5 6. g3 Nc6 7. Bg2 Be7 8. O-O
O-O 9. Be3 c4 10. Ne5 Qa5 11. h3 Rd8 12. Nxc6 bxc6 13. Qc2 Rb8 14. Rfd1 Be6 15.
Bf4 Rb7 16. e4 dxe4 17. Nxe4 Bd5 18. Be5 Nd7 19. Re1 Nxe5 20. dxe5 Rdb8 21. Nd6
Rxb2 22. Nxc4 Qxe1+ 0-1

[Event "III Festival A"]
[Site "Verona ITA"]
[Date "1997.01.??"]
[Round "2"]
[White "Sciortino, Massimo"]
[Black "Popa, Florin"]
[Result "1/2-1/2"]
[WhiteElo "1984"]
[BlackElo "2180"]
[PlyCount "117"]
[EventDate "1997.01.02"]

1. e4 e5 2. Nf3 Nc6 3. Bb5 g6 4. d4 exd4 5. Bg5 Be7 6. Bxe7 Ngxe7 7. O-O O-O 8.
Nxd4 Nxd4 9. Qxd4 d5 10. Nc3 c6 11. Ba4 dxe4 12. Qxe4 Be6 13. Rad1 Qc7 14. Qf3
Nf5 15. Ne4 Qe5 16. Rfe1 Bd5 17. Qc3 Qxc3 18. Nxc3 Be6 19. Ne4 Bxa2 20. c3 Rfd8
21. Bc2 Bd5 22. Nf6+ Kg7 23. Nxd5 Rxd5 24. Rxd5 cxd5 25. Bxf5 gxf5 26. Re7 Rb8
27. Rd7 Kf6 28. Rxd5 Ke6 29. Rd4 b5 30. Kf1 a5 31. Ke2 b4 32. Kd3 bxc3 33. Kxc3
Rg8 34. g3 Rc8+ 35. Rc4 Rb8 36. Rc5 a4 37. Rc4 Rb3+ 38. Kc2 Rf3 39. Rh4 Rxf2+
40. Kc3 Rf3+ 41. Kb4 Rb3+ 42. Kxa4 Rxb2 43. Rxh7 Kf6 44. Ka3 Rb8 45. Rh4 Kg5
46. Rh7 Rb7 47. Rh4 Kf6 48. Rf4 Ke5 49. Ka2 Rb6 50. Rh4 Rf6 51. Kb2 f4 52.
gxf4+ Rxf4 53. Rh7 Ke4 54. h4 f5 55. Kc3 Kf3 56. Kd3 Re4 57. h5 Re6 58. Kd4 f4
59. h6 1/2-1/2

[Event "III Festival A"]
[Site "Verona ITA"]
[Date "1997.01.??"]
[Round "2"]
[White "Tommasi, Daniele"]
[Black "Turci, Stefano"]
[Result "1/2-1/2"]
[WhiteElo "2032"]
[BlackElo "2185"]
[PlyCount "90"]
[EventDate "1997.01.02"]

1. Nf3 g6 2. g3 Bg7 3. Bg2 d6 4. O-O e5 5. c4 Nc6 6. Nc3 Nh6 7. d3 O-O 8. Rb1
f5 9. Bg5 Qd7 10. Bd2 Nd8 11. Ng5 f4 12. e3 fxg3 13. fxg3 Rxf1+ 14. Qxf1 c6 15.
Bh3 Qe7 16. Bxc8 Qxg5 17. Ne4 Qe7 18. Bh3 Ne6 19. Qe2 Rf8 20. Bb4 Nc5 21. Nxc5
dxc5 22. Bc3 Nf5 23. b4 Bh6 24. Bxf5 Rxf5 25. e4 Rf7 26. b5 cxb5 27. Rxb5 Qg5
28. Kg2 Qc1 29. Bb2 Qe3 30. Qxe3 Bxe3 31. Bxe5 Rf2+ 32. Kh3 Rxa2 33. Rxb7 Bg1
34. Kg4 Rxh2 35. Rxa7 Be3 36. Bf6 Rf2 37. e5 h5+ 38. Kh3 g5 39. Rg7+ Kf8 40.
Bxg5 Kxg7 41. Bxe3 Rf3 42. Bxc5 Rxd3 43. Bd6 Kf7 44. c5 Rc3 45. Kh4 Ke6 1/2-1/2

[Event "III Festival A"]
[Site "Verona ITA"]
[Date "1997.01.??"]
[Round "2"]
[White "Ventura, Sergio"]
[Black "Dallaglio, Giovanni"]
[Result "0-1"]
[WhiteElo "2190"]
[BlackElo "2075"]
[PlyCount "108"]
[EventDate "1997.01.02"]

1. f4 c5 2. Nf3 Nc6 3. b3 Nf6 4. Bb2 g6 5. Ne5 Bg7 6. Nxc6 dxc6 7. e3 O-O 8.
Be2 Be6 9. O-O Qd7 10. Bf3 Nd5 11. Bxg7 Kxg7 12. Qe2 Nxf4 13. exf4 Qd4+ 14. Qe3
Qxa1 15. Nc3 Qb2 16. Qe5+ Kg8 17. Be4 Bd5 18. Bd3 c4 19. bxc4 Qb6+ 20. Kh1 f6
21. Qe2 Bf7 22. Qxe7 f5 23. c5 Qa5 24. h4 Rfe8 25. Qg5 Qxc5 26. h5 Qe7 27. hxg6
hxg6 28. Qxe7 Rxe7 29. Kh2 b5 30. Rb1 a5 31. a3 Rae8 32. Kg3 Re1 33. Rb2 Ra1
34. a4 b4 35. Ne2 Rxa4 36. Nd4 Bd5 37. Rb1 Ra3 38. Kh4 Kf7 39. g4 Kf6 40. Nb3
Bxb3 41. cxb3 Rd8 42. Bc4 a4 43. Re1 fxg4 44. Kxg4 Rd6 45. Rh1 Rd4 46. Rh7 Rxc4
47. bxc4 Rd3 48. Ra7 a3 49. Ra6 Rxd2 50. Kf3 a2 51. Ke3 Rg2 52. Rxc6+ Ke7 53.
Ra6 Rg3+ 54. Kd2 Ra3 0-1

[Event "III Festival A"]
[Site "Verona ITA"]
[Date "1997.01.??"]
[Round "2"]
[White "Zoldan, Matteo"]
[Black "Bertani, Gianfranco"]
[Result "1-0"]
[WhiteElo "2155"]
[BlackElo "2029"]
[PlyCount "81"]
[EventDate "1997.01.02"]

1. c4 f5 2. g3 Nf6 3. Bg2 g6 4. Nc3 Bg7 5. d3 O-O 6. e4 fxe4 7. dxe4 e5 8. Nge2
d6 9. O-O Bg4 10. f3 Be6 11. b3 Nc6 12. Be3 b6 13. Qd2 Qd7 14. Nd5 Rf7 15. Rad1
Raf8 16. b4 Bh3 17. Nec3 Ne8 18. Ne2 h5 19. c5 bxc5 20. bxc5 Kh7 21. Kh1 dxc5
22. Bxc5 Nd6 23. Nxc7 Bxg2+ 24. Kxg2 Nd4 25. Nxd4 exd4 26. Bxd6 Qxd6 27. Nd5
Qa3 28. f4 Rb8 29. Rf3 Qa4 30. Rc1 Rfb7 31. Rc2 Rb1 32. f5 g5 33. f6 Bh6 34.
Rc7+ Kh8 35. Ne7 Qe8 36. f7 Qxe7 37. Rxe7 R1b2 38. Rf2 Rxd2 39. Rxd2 Rf8 40.
Rxd4 Bg7 41. Rdd7 1-0

[Event "III Festival A"]
[Site "Verona ITA"]
[Date "1997.01.??"]
[Round "3"]
[White "Agnelli, Francesco"]
[Black "Bressanelli, Roberto"]
[Result "0-1"]
[WhiteElo "2060"]
[BlackElo "2140"]
[PlyCount "74"]
[EventDate "1997.01.02"]

1. e4 e5 2. Nf3 Nc6 3. Bb5 a6 4. Ba4 Nf6 5. d3 d6 6. c3 Be7 7. Nbd2 O-O 8. Nf1
b5 9. Bb3 h6 10. h3 Na5 11. Bc2 c5 12. g4 Nh7 13. Ng3 Ng5 14. Be3 Re8 15. Nf5
Bxf5 16. gxf5 Nxf3+ 17. Qxf3 Bg5 18. Rg1 Bxe3 19. Qxe3 Qf6 20. O-O-O Rab8 21.
Rg4 Kh8 22. Rdg1 Rg8 23. f4 exf4 24. Qxf4 Nc6 25. R4g3 b4 26. Qd2 bxc3 27. bxc3
Na7 28. Bb3 Nb5 29. Kc2 a5 30. a4 Na3+ 31. Kb2 c4 32. Kxa3 Rxb3+ 33. Ka2 d5 34.
exd5 Rxc3 35. d4 Rxg3 36. Rxg3 Qxf5 37. Qg2 Rb8 0-1

[Event "III Festival A"]
[Site "Verona ITA"]
[Date "1997.01.??"]
[Round "3"]
[White "Bertani, Gianfranco"]
[Black "Cristiani, Cesare"]
[Result "1-0"]
[WhiteElo "2029"]
[BlackElo "2075"]
[PlyCount "111"]
[EventDate "1997.01.02"]

1. Nf3 Nf6 2. d3 d5 3. Nbd2 Nc6 4. e4 e5 5. c3 Bd6 6. Be2 O-O 7. O-O Re8 8. b4
Ne7 9. Re1 Ng6 10. g3 c6 11. Qb3 h6 12. Bf1 Be6 13. Qb1 Qc7 14. c4 d4 15. c5
Bf8 16. Nb3 b6 17. Qc2 Nd7 18. Nfd2 bxc5 19. bxc5 a5 20. a4 Reb8 21. Ba3 Rb7
22. Rab1 Be7 23. Nc4 Ngf8 24. Rec1 Bg5 25. Re1 Be7 26. h4 Rba7 27. Rb2 Kh7 28.
Reb1 Rb8 29. Nd6 Raa8 30. Nf5 Bxf5 31. exf5 Nf6 32. Bg2 Rd8 33. Nd2 Ra7 34. Ne4
Nd5 35. Nd6 Nb4 36. Bxb4 axb4 37. Nxf7 Rda8 38. Rxb4 Nd7 39. Rb6 Nxc5 40. Rxc6
Qa5 41. Rxc5 Bxc5 42. Bxa8 Rxa8 43. Nxe5 Bf8 44. Qc6 Ra6 45. Qe4 Kg8 46. Ng6
Rf6 47. Rb8 Qc5 48. Rxf8+ Rxf8 49. Qe6+ Kh7 50. Nxf8+ Qxf8 51. a5 Qb4 52. Qg6+
Kh8 53. f6 gxf6 54. Qxf6+ Kh7 55. Qf5+ Kg7 56. a6 1-0

[Event "III Festival A"]
[Site "Verona ITA"]
[Date "1997.01.??"]
[Round "3"]
[White "Caruso, Augusto"]
[Black "Mrdja, Milan"]
[Result "0-1"]
[WhiteElo "2265"]
[BlackElo "2425"]
[PlyCount "62"]
[EventDate "1997.01.02"]

1. e4 c5 2. Nf3 d6 3. d4 cxd4 4. Nxd4 Nf6 5. Nc3 a6 6. Bc4 e6 7. Bb3 Nbd7 8. f4
Nc5 9. Qf3 b5 10. e5 Bb7 11. Nc6 Qc7 12. exf6 Bxc6 13. Qe2 gxf6 14. f5 Nxb3 15.
axb3 e5 16. Be3 Rg8 17. Rg1 Qb7 18. O-O-O O-O-O 19. Qh5 d5 20. Qxh7 Rg7 21. Qh4
Be7 22. Bf2 d4 23. Na2 Rxg2 24. Rxg2 Bxg2 25. Bg1 Rf8 26. c3 Kb8 27. cxd4 Rc8+
28. Kb1 Qf3 29. Qe1 Qxb3 30. Rd2 Bd5 31. Nc1 Qa4 0-1

[Event "III Festival A"]
[Site "Verona ITA"]
[Date "1997.01.??"]
[Round "3"]
[White "Dallaglio, Giovanni"]
[Black "Lucaroni, Massimiliano"]
[Result "0-1"]
[WhiteElo "2075"]
[BlackElo "2265"]
[PlyCount "74"]
[EventDate "1997.01.02"]

1. d4 f5 2. c4 e6 3. g3 Nf6 4. Bg2 Be7 5. Nf3 O-O 6. O-O d6 7. Nc3 Qe8 8. Re1
Qg6 9. Bg5 Nc6 10. Rc1 e5 11. Bxf6 Bxf6 12. d5 Nb8 13. b4 a5 14. b5 b6 15. e3
Nd7 16. Nd2 h5 17. h4 Nc5 18. Nb3 f4 19. Nxc5 bxc5 20. Be4 Qh6 21. Rc2 g5 22.
hxg5 Qxg5 23. Bf3 Bf5 24. Ne4 Qg7 25. Nxf6+ Rxf6 26. e4 Bg4 27. Bxg4 hxg4 28.
gxf4 Rxf4 29. Re3 Raf8 30. Qd3 Rf3 31. Kf1 Qh6 32. Rxf3 Rxf3 33. Qd2 Qh1+ 34.
Ke2 Rf4 35. Rc1 Rxe4+ 36. Kd3 Qf3+ 37. Kc2 Re2 0-1

[Event "III Festival A"]
[Site "Verona ITA"]
[Date "1997.01.??"]
[Round "3"]
[White "Dalponte, Dino"]
[Black "Grosar, Aljosa"]
[Result "0-1"]
[WhiteElo "2195"]
[BlackElo "2495"]
[PlyCount "50"]
[EventDate "1997.01.02"]

1. d4 Nf6 2. c3 e6 3. Bg5 h6 4. Bxf6 Qxf6 5. Nd2 g6 6. e3 Bg7 7. Bd3 d6 8. Qf3
Qe7 9. Qg3 Nd7 10. f4 e5 11. dxe5 dxe5 12. f5 Bf6 13. h4 Nc5 14. Bc2 Bxf5 15.
Bxf5 gxf5 16. Qf3 Bxh4+ 17. g3 e4 18. Qxf5 Bxg3+ 19. Ke2 Rd8 20. Nb3 Qe6 21.
Qxc5 b6 22. Qb4 Qg4+ 23. Kf1 Qf5+ 24. Kg2 Rg8 25. Qa4+ b5 0-1

[Event "III Festival A"]
[Site "Verona ITA"]
[Date "1997.01.??"]
[Round "3"]
[White "Everet, Alexandro"]
[Black "Sbarra, Marco"]
[Result "1-0"]
[WhiteElo "2135"]
[BlackElo "2285"]
[PlyCount "143"]
[EventDate "1997.01.02"]

1. e4 c5 2. Nf3 Nc6 3. Bc4 e6 4. Nc3 a6 5. a4 Nf6 6. Qe2 d6 7. d3 Be7 8. O-O
O-O 9. Bg5 b6 10. Rad1 Bb7 11. Qd2 Ne5 12. Nxe5 dxe5 13. Ne2 Bc6 14. Bxf6 Bxf6
15. Bb3 b5 16. axb5 axb5 17. c3 Bg5 18. Qc2 Qb6 19. Ra1 Qb7 20. f3 g6 21. Kh1
Rfd8 22. Rxa8 Qxa8 23. Qb1 Rd7 24. Bc2 b4 25. f4 exf4 26. Nxf4 Rb7 27. Nh3 Bh6
28. Qe1 Qa2 29. Qh4 Bf8 30. Bb1 Qxb2 31. Ng5 h6 32. Nxe6 fxe6 33. Qf6 Bg7 34.
Qxe6+ Kh7 35. cxb4 Bd7 36. Qd5 Qxb4 37. Ba2 Rb8 38. Qxd7 Qb2 39. Bf7 Qe2 40.
Bxg6+ Kh8 41. Rg1 Qb2 42. Bf5 Qf6 43. Qc7 Qe5 44. Qc6 Bf6 45. Rf1 Rd8 46. Bg4
Bg7 47. h3 Qd6 48. Qxd6 Rxd6 49. Be2 Bd4 50. g4 Kg7 51. Kg2 Ra6 52. Rb1 Kg6 53.
h4 Rf6 54. Bf3 Ra6 55. Kh3 Rf6 56. Bg2 Ra6 57. Rb8 Rf6 58. Rb7 Rd6 59. h5+ Kg5
60. Rf7 Rf6 61. Rd7 Kf4 62. Rd5 Re6 63. Rf5+ Ke3 64. Bf1 Rf6 65. Rxf6 Bxf6 66.
g5 hxg5 67. Kg4 Kf2 68. Bh3 Ke3 69. Kf5 Bh8 70. e5 g4 71. Bxg4 Kxd3 72. e6 1-0

[Event "III Festival A"]
[Site "Verona ITA"]
[Date "1997.01.??"]
[Round "3"]
[White "Genocchio, Daniele"]
[Black "Sciortino, Massimo"]
[Result "0-1"]
[WhiteElo "2175"]
[BlackElo "1984"]
[PlyCount "64"]
[EventDate "1997.01.02"]

1. e4 g6 2. d4 Bg7 3. c3 d6 4. Bd3 Nf6 5. h3 O-O 6. Ne2 Nc6 7. f4 e5 8. fxe5
dxe5 9. d5 Nb8 10. O-O c6 11. c4 b5 12. dxc6 bxc4 13. Bxc4 Qb6+ 14. Kh2 Nxc6
15. Nbc3 Bb7 16. Nd5 Nxd5 17. Bxd5 Rad8 18. Bg5 Rd7 19. Qc1 Nb4 20. Be3 Qa6 21.
Bxb7 Qxb7 22. Qb1 Nd3 23. Nc3 Nxb2 24. Bxa7 Rc8 25. Nd5 Rxd5 26. exd5 e4 27.
Qxe4 Qxa7 28. Rae1 Qd7 29. Kh1 h5 30. Rb1 Rd8 31. Rf2 Na4 32. d6 Nc3 0-1

[Event "III Festival A"]
[Site "Verona ITA"]
[Date "1997.01.??"]
[Round "3"]
[White "Guido, Flavio"]
[Black "Ferretti, Folco"]
[Result "1-0"]
[WhiteElo "2300"]
[BlackElo "2255"]
[PlyCount "63"]
[EventDate "1997.01.02"]

1. e4 d5 2. exd5 Qxd5 3. Nc3 Qa5 4. d4 Nf6 5. Bc4 Bf5 6. Bd2 c6 7. Qe2 e6 8.
Nd5 Qd8 9. Nxf6+ Qxf6 10. O-O-O Nd7 11. g4 Bg6 12. Nf3 Bd6 13. Kb1 Qe7 14. Ne5
Bxe5 15. dxe5 O-O-O 16. f4 h5 17. h3 Nb6 18. Bb3 hxg4 19. hxg4 Rh4 20. a3 Rxh1
21. Rxh1 Qd7 22. Bc1 c5 23. Rf1 Kb8 24. f5 exf5 25. e6 fxe6 26. Bxe6 Qd4 27.
gxf5 Be8 28. Bg5 Na4 29. c3 Qd3+ 30. Qxd3 Rxd3 31. Bf4+ Ka8 32. Rh1 1-0

[Event "III Festival A"]
[Site "Verona ITA"]
[Date "1997.01.??"]
[Round "3"]
[White "Luciani, Valerio"]
[Black "Rossi, Carlo"]
[Result "1/2-1/2"]
[WhiteElo "2180"]
[BlackElo "2320"]
[PlyCount "55"]
[EventDate "1997.01.02"]

1. c4 d6 2. Nc3 g6 3. g3 Bg7 4. Bg2 f5 5. d3 Nf6 6. Nf3 O-O 7. O-O h6 8. Qc2 g5
9. b4 Nc6 10. b5 Ne5 11. Nxe5 dxe5 12. Bb2 Rb8 13. Nb1 Ne8 14. Nd2 Nd6 15. c5
Nf7 16. Qb3 Bd7 17. a4 c6 18. Nf3 Kh7 19. Rab1 Qc8 20. Rfc1 Be6 21. Qa3 Qd7 22.
Qa1 Bd5 23. e4 fxe4 24. dxe4 Bxe4 25. Nxe5 Qf5 26. Bxe4 Qxe4 27. Nd7 g4 28.
Bxg7 1/2-1/2

[Event "III Festival A"]
[Site "Verona ITA"]
[Date "1997.01.??"]
[Round "3"]
[White "Maccapan, Fabio"]
[Black "Braghetta, Sergio"]
[Result "0-1"]
[WhiteElo "1819"]
[BlackElo "2195"]
[PlyCount "52"]
[EventDate "1997.01.02"]

1. Nf3 d5 2. c4 c6 3. cxd5 cxd5 4. d4 Nc6 5. Bf4 Nf6 6. e3 a6 7. Nc3 Bg4 8. Rc1
e6 9. Bd3 Be7 10. Qd2 Bxf3 11. gxf3 O-O 12. Bb1 Nh5 13. Bg3 Rc8 14. O-O f5 15.
f4 Na5 16. Qe2 Nf6 17. f3 Qd7 18. Bh4 Bb4 19. Be1 b5 20. Bd2 Nc4 21. b3 Nxd2
22. Qxd2 Qc6 23. Qd3 Bxc3 24. b4 Qc4 25. Qxc4 Rxc4 26. Bd3 Bd2 0-1

[Event "III Festival A"]
[Site "Verona ITA"]
[Date "1997.01.??"]
[Round "3"]
[White "Martorelli, Antonio"]
[Black "Bevilacqua, Maurizio"]
[Result "1-0"]
[WhiteElo "2365"]
[BlackElo "2155"]
[PlyCount "43"]
[EventDate "1997.01.02"]

1. e4 c5 2. Nf3 d6 3. d4 cxd4 4. Nxd4 Nf6 5. Nc3 a6 6. f4 Qc7 7. Nf3 Nc6 8. Bd3
e6 9. O-O Be7 10. Qe1 O-O 11. e5 Ne8 12. Ng5 g6 13. Qh4 Bxg5 14. fxg5 d5 15.
Bf4 Qb6+ 16. Kh1 Qxb2 17. Bd2 Qb4 18. Ne4 Qa3 19. Nf6+ Nxf6 20. exf6 Rd8 21.
Rab1 a5 22. Bb4 1-0

[Event "III Festival A"]
[Site "Verona ITA"]
[Date "1997.01.??"]
[Round "3"]
[White "Peric, Slavisa"]
[Black "Zoldan, Matteo"]
[Result "1-0"]
[WhiteElo "2260"]
[BlackElo "2155"]
[PlyCount "71"]
[EventDate "1997.01.02"]

1. d4 Nf6 2. c4 g6 3. Nc3 Bg7 4. e4 d6 5. Bd3 O-O 6. Nge2 c6 7. O-O e5 8. Bc2
a6 9. a4 a5 10. h3 exd4 11. Nxd4 Na6 12. Bf4 Re8 13. Qd2 Nb4 14. Rad1 Nh5 15.
Bg5 Qb6 16. Be3 Qc7 17. Bb1 Bd7 18. b3 Rad8 19. g4 Nf6 20. Bf4 Bxg4 21. hxg4
Nxg4 22. c5 Ne5 23. cxd6 Qxd6 24. Qe3 Qc5 25. Nde2 Qe7 26. Kg2 Qe6 27. Nd4 Qc8
28. Qg3 Nbd3 29. Bxd3 Nxd3 30. Rxd3 Rxd4 31. Rxd4 Bxd4 32. Ne2 Rxe4 33. Nxd4
Rxd4 34. Qe3 Qg4+ 35. Bg3 g5 36. f3 1-0

[Event "III Festival A"]
[Site "Verona ITA"]
[Date "1997.01.??"]
[Round "3"]
[White "Perich, Stefano"]
[Black "Farina, Saverio"]
[Result "0-1"]
[WhiteElo "2080"]
[BlackElo "2170"]
[PlyCount "120"]
[EventDate "1997.01.02"]

1. c4 e6 2. g3 d5 3. Bg2 c5 4. Nf3 Nc6 5. cxd5 exd5 6. d4 Nf6 7. O-O Be7 8. b3
O-O 9. dxc5 Ne4 10. Bb2 Bxc5 11. e3 Bg4 12. Na3 Qe7 13. Nc2 Rad8 14. Ncd4 Rfe8
15. Kh1 h5 16. h3 Bc8 17. Rc1 Bd7 18. Kg1 Bb6 19. a3 Ne5 20. Nxe5 Qxe5 21. Qe2
Nxg3 22. fxg3 Bxd4 23. Bxd4 Qxd4 24. exd4 Rxe2 25. Rc7 Be6 26. Rxb7 Rc8 27. Rf2
Rc1+ 28. Bf1 Re3 29. Kh2 Rcc3 30. g4 hxg4 31. hxg4 Rxb3 32. Rxa7 Rxa3 33. Rb7
g6 34. g5 Re4 35. Rb4 Rh4+ 36. Kg1 Bf5 37. Bg2 Ra1+ 38. Rf1 Rxf1+ 39. Kxf1 Be4
40. Bxe4 Rxe4 41. Rb8+ Kg7 42. Rd8 Rxd4 43. Ke2 Re4+ 44. Kf3 Re5 45. Kf4 Rf5+
46. Kg4 Kh7 47. Rd7 Kg8 48. Rd8+ Kg7 49. Re8 f6 50. Re7+ Kf8 51. gxf6 Rxf6 52.
Re5 Rd6 53. Kg5 d4 54. Re1 d3 55. Kh6 d2 56. Rd1 Kf7 57. Rf1+ Ke6 58. Rd1 Kf6
59. Rf1+ Ke5 60. Rd1 Ke4 0-1

[Event "III Festival A"]
[Site "Verona ITA"]
[Date "1997.01.??"]
[Round "3"]
[White "Popa, Florin"]
[Black "Tommasi, Daniele"]
[Result "1/2-1/2"]
[WhiteElo "2180"]
[BlackElo "2032"]
[PlyCount "130"]
[EventDate "1997.01.02"]

1. e4 c5 2. c3 d5 3. exd5 Qxd5 4. d4 Nf6 5. Nf3 Bg4 6. Be2 e6 7. O-O Nc6 8. Be3
cxd4 9. Nxd4 Bxe2 10. Qxe2 Nxd4 11. Bxd4 Be7 12. Rd1 Qc6 13. Rd3 O-O 14. Rg3 g6
15. Nd2 Rfd8 16. Rf3 Nd7 17. c4 e5 18. Bxe5 Nxe5 19. Qxe5 Rxd2 20. Qxe7 Qxc4
21. Qxb7 Rad8 22. h3 a5 23. b3 Qe6 24. a4 h5 25. Qc7 Rd1+ 26. Rxd1 Rxd1+ 27.
Kh2 Qd5 28. Qc8+ Kg7 29. Qc3+ Kg8 30. Re3 Rd4 31. Re8+ Kh7 32. Qe3 Rd3 33. Qe5
Qxe5+ 34. Rxe5 Rxb3 35. Rxa5 h4 36. Ra7 Kg7 37. a5 Ra3 38. a6 Ra2 39. Kg1 Ra1+
40. Kh2 Ra2 41. f3 Kf6 42. Ra8 Kf5 43. Ra7 f6 44. Rh7 Rxa6 45. Rxh4 Kg5 46.
Rg4+ Kh5 47. h4 Ra2 48. Kg3 Ra6 49. Rb4 g5 50. Rb5 Ra4 51. hxg5 fxg5 52. Rb6
Rc4 53. Re6 Ra4 54. Rf6 Rb4 55. Kh2 Rh4+ 56. Kg1 Ra4 57. g3 Ra2 58. Re6 Rb2 59.
Kf1 Ra2 60. Re2 Ra6 61. Kg2 Rb6 62. Re5 Kg6 63. Kh3 Ra6 64. Kg4 Ra4+ 65. Re4
Ra6 1/2-1/2

[Event "III Festival A"]
[Site "Verona ITA"]
[Date "1997.01.??"]
[Round "3"]
[White "Ravagnani, Tiziano"]
[Black "Ventura, Sergio"]
[Result "0-1"]
[WhiteElo "1914"]
[BlackElo "2190"]
[PlyCount "64"]
[EventDate "1997.01.02"]

1. e4 g6 2. d4 Bg7 3. f4 d5 4. e5 c5 5. Nf3 Bg4 6. dxc5 f6 7. e6 Nc6 8. Bb5
Qa5+ 9. Nc3 Rd8 10. Bd2 Qc7 11. Qe2 Nh6 12. h3 Bxf3 13. Qxf3 O-O 14. Nxd5 Rxd5
15. Qxd5 Rd8 16. Qe4 Rd4 17. Qf3 Rxd2 18. Bxc6 Rxc2 19. Be4 Qa5+ 20. Kf1 Rxb2
21. Kg1 f5 22. Bxb7 Rxb7 23. Qxb7 Bxa1 24. Kh2 Bf6 25. c6 Ng4+ 26. hxg4 fxg4
27. Qb3 Qh5+ 28. Kg1 Bd4+ 29. Kf1 Qxh1+ 30. Ke2 Qxg2+ 31. Kd3 Bb6 32. Qb4 Qd5+
0-1

[Event "III Festival A"]
[Site "Verona ITA"]
[Date "1997.01.??"]
[Round "3"]
[White "Turci, Stefano"]
[Black "Pegoraro, Nicola"]
[Result "1/2-1/2"]
[WhiteElo "2185"]
[BlackElo "2065"]
[PlyCount "75"]
[EventDate "1997.01.02"]

1. e4 c5 2. Nc3 Nc6 3. f4 d6 4. Nf3 g6 5. Bb5 Bd7 6. O-O Bg7 7. d3 Nf6 8. Bxc6
Bxc6 9. Qe1 O-O 10. Qh4 b5 11. f5 Nd7 12. Bh6 f6 13. Ne2 g5 14. Qh3 Rf7 15.
Bxg7 Rxg7 16. Qg4 Ne5 17. Nxe5 dxe5 18. Kh1 Qc7 19. Ng3 Be8 20. Rad1 Bf7 21. a3
Kh8 22. Rf2 Rd8 23. Rfd2 Rd6 24. Rf2 a5 25. h3 Rg8 26. Re1 Qd7 27. h4 Qe8 28.
hxg5 Rxg5 29. Qf3 Qg8 30. Nf1 Qf8 31. Qe3 Qh6+ 32. Kg1 Rh5 33. Qxh6 Rxh6 34.
Rf3 Rh5 35. Rg3 h6 36. Rg4 Rg5 37. Rxg5 hxg5 38. Re2 1/2-1/2